00328nam a2200133Ia 4500003000400000008004100004020002300045040000800068100001800076245004800094260003100142300001000173365001100183LDD181029s9999 xx 000 0 und d a9749863062c50.00 cLDD aConway, Susan 0aShanbculture, art and craftscSusan Conway aBangkokbRiver Booksc2006 a212p. b50.00